Ivanhoe ó El regreso de la Palestina del Caballero Cruzado / (Record no. 165017)

MARC details
000 -LEADER
campo de control de longitud fija 00887nam a22002055i 4500
001 - NÚMERO DE CONTROL
campo de control 165017
003 - IDENTIFICADOR DE NÚMERO DE CONTROL
campo de control ES-MaACL
005 - FECHA Y HORA DE LA ÚLTIMA TRANSACCIÓN
campo de control 20251003063144.0
008 - DATOS DE LONGITUD FIJA--INFORMACIÓN GENERAL
campo de control de longitud fija 991122s1831 sp |||| | spa d
040 ## - FUENTE DE CATALOGACIÓN
Centro catalogador/agencia de origen LR
Lengua de catalogación spa
Centro/agencia transcriptor LR
100 1# - ENTRADA PRINCIPAL--NOMBRE DE PERSONA
Nombre de persona Scott, Walter,
Títulos y otros términos asociados al nombre Sir,
Fechas asociadas al nombre 1771-1832
9 (RLIN) 104957
245 10 - MENCIÓN DEL TÍTULO
Título Ivanhoe ó El regreso de la Palestina del Caballero Cruzado /
Mención de responsabilidad, etc. por Walter Scott.
260 ## - PUBLICACIÓN, DISTRIBUCIÓN, ETC.
Lugar de publicación, distribución, etc. Madrid :
Nombre del editor, distribuidor, etc. [s.n.],
Fecha de publicación, distribución, etc. 1831 (
Fabricante Oficina de Moreno)
300 ## - DESCRIPCIÓN FÍSICA
Extensión 4 v. (XXIII, 228; 232; 264; 211 p.) ;
Dimensiones 16 cm.
490 1# - MENCIÓN DE SERIE
Mención de serie Nueva colección de novelas de Sir Walter Scott ;
Designación de volumen o secuencia 13, 14, 15 y 16
740 3# - ENTRADA AGREGADA--TÍTULO RELACIONADO/ANALÍTICO NO CONTROLADO
Título relacionado o analítico no controlado El regreso de la Palestina del Caballero Cruzado.
830 0# - PUNTO DE ACCESO ADICIONAL DE SERIE-TÍTULO UNIFORME
Título uniforme Nueva colección de novelas de Sir Walter Scott
Designación de volumen o secuencia 13, 14, 15 y 16
9 (RLIN) 222402
852 ## - LOCALIZACIÓN
Ubicación ES-MaACL
Número de control de estantería F-1087-1088
Nota libre -- Enc. pasta
-- -- Enc. 4 t. en 2 v.
Encuadernación -- Edic.: las pp. del T. IV (211)
Holdings
Estatus retirado Estado de pérdida Estado de daño No para préstamo Colección Biblioteca de origen Biblioteca actual Ubicación en estantería Fecha de adquisición Fuente de adquisición Total de préstamos Signatura topográfica completa Código de barras Visto por última vez Precio de reemplazo Tipo de ítem Koha
        Libros del s. XIX Biblioteca del Ateneo de Madrid Biblioteca del Ateneo de Madrid Depósito 2 17/01/2008     F-1087-1088 1172987 23/02/2023 23/02/2023 Libro impreso antiguo